La Comarca del Vallès Occidental / Xavier Sancliments i Solervicens
Descripción Física:
77 p. : amb maps. ; 17 cm
Materias:
Vallès Occidental (Catalunya)
MARC
| LEADER | 00000nam a2200000Ia 4500 | ||
|---|---|---|---|
| 001 | 8998 | ||
| 008 | 160829s1990 xx 000 0 cat d | ||
| 080 | |a H-2-107 | ||
| 100 | 1 | |a Sanclimens, Xavier |9 18892 | |
| 245 | |a La Comarca del Vallès Occidental / Xavier Sancliments i Solervicens | ||
| 260 | |a Sabadell, Terrasa : |b Consell Comarcal del Vallès Occidental, |c 1990 | ||
| 300 | |a 77 p. : |b amb maps. ; |c 17 cm | ||
| 590 | |a Hi ha un mapa | ||
| 651 | 0 | |a Vallès Occidental (Catalunya) |9 50643 | |
| 710 | 1 | |a Vallès Occidental (Catalunya). |b Consell Comarcal |9 53703 | |
| 901 | |a Arxiu | ||
| 942 | |n 1 | ||
| 952 | |0 0 |1 0 |4 0 |6 H2107 |7 1 |9 43571 |a Arxiu |b Arxiu |d 2016-12-01 |l 0 |o H-2-107 |p 8998 |r 2016-12-01 00:00:00 |w 2016-12-01 |y ARXIU | ||
| 999 | |c 46118 |d 46118 | ||